MARC details
| 000 -LÍDER |
| campo de controle de tamanho fixo |
02078nam a2200313Ia 4500 |
| 001 - NÚMERO DE CONTROLE |
| campo de controle |
378 |
| 003 - IDENTIFICADOR DO NÚMERO DE CONTROLE |
| campo de controle |
OSt |
| 005 - DATA E HORÁRIO DA ÚLTIMA TRANSAÇÃO |
| campo de controle |
20250528074019.0 |
| 008 - CAMPO DE DADOS FIXOS--INFORMAÇÃO GERAL |
| campo de controle de tamanho fixo |
210216b ||||| |||| 00| 1 por d |
| 020 ## - ISBN - INTERNATIONAL STANDARD BOOK NUMBER |
| ISBN - International Standard Book Number |
9788532524577 |
| 040 ## - FONTE DA CATALOGAÇÃO |
| Idioma da catalogação |
por |
| 041 ## - CÓDIGO DE IDIOMA |
| Código do idioma do texto/trilha sonora ou título diferente |
por |
| Código do idioma do original e/ou traduções intermediárias do texto |
ita |
| 082 1# - CDD - CLASSIFICAÇÃO DECIMAL DE DEWEY |
| Número de Classificação |
853 |
| Número do exemplar |
T76g |
| 100 1# - ENTRADA PRINCIPAL--NOME PESSOAL |
| Nome pessoal |
Troisi, Licia, |
| Datas associadas ao nome |
1980- |
| 9 (RLIN) |
782 |
| 240 ## - TÍTULO UNIFORME |
| Título uniforme |
Le Guerre del mondo emerso / Le due guerriere |
| 245 ## - TÍTULO |
| Título |
As Guerras do Mundo Emerso: |
| Restante do título |
As Duas Guerreiras / |
| Indicação de responsabilidade, etc. |
Troisi, Licia ; Tradução de Mario Fondeli |
| 260 ## - PUBLICAÇÃO, DISTRIBUIÇÃO, ETC. |
| Local de publicação, distribuição, etc. |
Rio de Janeiro |
| Nome do editor, distribuidor, etc. |
Rocco |
| Data da publicação, distribuição, etc. |
2009 |
| 300 ## - DESCRIÇÃO FÍSICA |
| Extensão |
399 p. |
| 520 ## - NOTA DE RESUMO, ETC. |
| Resumo, etc. |
Dubhe precisa livrar-se do selo da maldição que lhe fora impresso pela Guilda, seita de assassinos da qual fugira. E a sua melhor chance de se livrar deste selo é encontrar um mago capaz de quebrá-lo. Para isso, se alia a Lonerin, o jovem mago que a ajudou na fuga. Os jovens partem para as Terras Desconhecidas para encontrar o lendário mago Senar – o único capaz de quebrar o selo de Dubhe e também a grande esperança dos habitantes dos territórios livres de ganhar a guerra –, sem saber que estão sendo perseguidos por Rekla, antiga monitora de Dubhe na Guilda, e outros dois assassinos.<br/><br/>No caminho até o mago, sentimentos inesperados vêm à tona e o dois têm que lidar com revelações surpreendentes sobre os respectivos passados e confrontar os implacáveis assassinos enviados por Yeshol, sacerdote da Guilda, em um terreno perigoso, onde a magia não funciona da maneira que eles conhecem.<br/><br/>Ao mesmo tempo, no Mundo Emerso, o gnomo Ido, supremo general, sai em busca de Tarik, o filho de Senar que, após um rixa com o pai, partiu das Terras Desconhecidas e está sendo procurado por Dohor e Yeshol para ser sacrificado no ritual que trará o Tirano de volta à vida. |
| 650 #0 - ASSUNTO--TERMO TÓPICO |
| Cabeçalho tópico ou nome geográfico |
Literatura italiana |
| 9 (RLIN) |
164 |
| 650 #0 - ASSUNTO--TERMO TÓPICO |
| Cabeçalho tópico ou nome geográfico |
Suspense |
| 9 (RLIN) |
10 |
| 650 #0 - ASSUNTO--TERMO TÓPICO |
| Cabeçalho tópico ou nome geográfico |
Guerreiras |
| 9 (RLIN) |
784 |
| 650 #0 - ASSUNTO--TERMO TÓPICO |
| Cabeçalho tópico ou nome geográfico |
Magia |
| 9 (RLIN) |
785 |
| 655 #0 - TERMO DE ÍNDICE--GÊNERO E FORMA |
| Gênero/forma/ou termo foco |
Romance |
| 655 #0 - TERMO DE ÍNDICE--GÊNERO E FORMA |
| Gênero/forma/ou termo foco |
Ficção |
| 700 ## - ENTRADA ADICIONADA - NOME PESSOAL |
| Nome pessoal |
Mario Fondeli |
| Função do autor por extenso |
TRADUTOR |
| 9 (RLIN) |
786 |
| 830 ## - ENTRADA SECUNDÁRIA DE SÉRIE--TÍTULO UNIFORME |
| Título uniforme |
As guerras do mundo emerso |
| Número do volume ou designação sequencial da série |
Livro 02 |
| 9 (RLIN) |
781 |
| 942 ## - ELEMENTOS DE ENTRADA ADICIONADOS (KOHA) |
| Fonte de classificação ou esquema de arquivamento |
Classificação decimal de Dewey |
| Tipo de material Koha |
Livros |